[Event "EIWCC 2017"]
[Site "Riga"]
[Date "2017.04.19"]
[Round "8"]
[White "Mammadova, Gulnar"]
[Black "Pogonina, Natalija"]
[Result "1/2-1/2"]
[WhiteElo "2357"]
[BlackElo "2478"]
[Annotator "TA"]
[PlyCount "170"]
[EventDate "2017.??.??"]
[EventType "swiss"]
[EventCountry "LAT"]
[SourceTitle "playchess.com"]
[Source "ChessBase"]
[SourceQuality "1"]

{[%evp 26,170,24,10,15,6,10,-41,0,0,0,0,0,0,0,-12,0,-24,-24,-24,-24,-20,-22,-37,-37,-37,-43,-51,-37,-49,-49,-49,-49,-49,-18,-49,-49,-61,-49,-41,-27,-33,-7,-16,-7,-35,0,-7,-7,-7,-7,-7,-13,-49,-49,-49,-35,-49,-43,-49,-43,-45,-43,-43,-43,-43,-43,-43,-43,-49,-44,-110,-106,-145,-68,-67,-53,-51,-49,-39,-52,-39,-42,-40,-45,-77,-77,-78,-78,-78,-37,-36,-36,-89,-47,-48,-17,-18,-16,-37,-37,-43,-44,-69,-70,-70,-70,-70,-70,-70,-45,-93,-93,-119,-126,-323,-169,-172,-169,-171,-174,-174,-169,-233,-175,-174,-164,-164,-156,-156,-154,-164,-156,-218,-156,-178,-153,-198,-202,-361,-354,-435,-435,-465,-458,-29984,-29985]} 1. d4 Nf6 2. c4 e6 3. Nc3 Bb4 4. Qc2 Nc6 5. Nf3 d6 6. Bd2 a5 7. a3 Bxc3 8. Bxc3 O-O 9. e3 Qe7 10. Be2 {E33: Nimzo-Indian: Classical: 4...Nc6} (10. Bd3 h6 11. O-O e5 12. d5 Nb8 13. Nd2 a4 14. f4 Nbd7 15. Rae1 Re8 16. Bf5 c6 17. dxc6 bxc6 {0-1 (66) L'Ami,E (2611)-Adhiban,B (2671) Baku 2016}) 10... a4 11. O-O e5 12. d5 Nb8 {[%cal Bc6b8,Bb8d7,Bd7c5][%mdl 32]} 13. Nd2 Nbd7 14. Rae1 {LiveBook: 4 Games} e4 15. f3 $146 (15. Bd4 Re8 16. Nb1 Nc5 17. Nc3 Bd7 {1-0 (45) Bennborn,J (2486)-Anderson,J (2501) ICCF 2005}) 15... exf3 16. Nxf3 (16. Rxf3 $11 Ne5 17. Rg3) 16... Ne4 17. Bd4 Ndc5 18. Nd2 Bd7 {[%cal Bc8d7,Bd7e8,Be8g6][%mdl 32]} 19. Nxe4 Qxe4 20. Qd1 (20. Qc3 $5 {is more complex.} f6 21. Bxc5 dxc5 22. Bd3 Qe7 23. Qc2) 20... Qe7 21. Bd3 Nxd3 22. Qxd3 f6 23. Rf4 Be8 24. Qe4 Qxe4 25. Rxe4 Bg6 26. Rf4 Rfe8 27. Kf2 Be4 28. g4 b6 29. h4 Re7 30. Rd1 h6 31. Rg1 Rf8 32. Ke2 Bg6 33. Kd2 Rfe8 34. Kc3 Re4 35. Rgf1 R8e7 36. Kb4 Be8 37. Rxe4 Rxe4 $11 {[%mdl 4096] Endgame KRB-KRB} 38. Rf4 Re7 39. Kc3 h5 40. gxh5 Bxh5 41. Kd2 Kh7 42. Bc3 Be8 43. e4 Kh6 44. Ke3 Bh5 45. Kd2 Bg6 46. Kd3 Kh5 47. Bd4 Bh7 48. Be3 {[#]} (48. Bf2 $15) 48... g5 $1 $17 {[%cal Rg5f4]} 49. Rxf6 gxh4 (49... Bxe4+ $17 50. Ke2 gxh4) 50. Re6 $15 Rf7 {...h3 is the strong threat.} 51. Ke2 $1 Bg6 $1 52. e5 h3 53. Bg1 Rf4 {Strongly threatening ...Rg4.} 54. exd6 cxd6 55. Bh2 ({Don't capture} 55. Rxd6 $2 Rg4 56. Bh2 Rg2+ 57. Kf3 Rxh2 $19) 55... Rxc4 56. Bxd6 Rc2+ 57. Kf3 Rxb2 58. Re5+ $1 Kh6 59. Re1 ({White should play} 59. Kg4 $15) 59... Rb3+ 60. Kg4 Kg7 61. Be5+ Kf7 62. Bd6 Rd3 63. Re7+ Kg8 64. Be5 Rxd5 65. Kxh3 Kf8 66. Bf6 Rd3+ 67. Kg4 Rxa3 68. Rb7 Rb3 69. Kg5 Be4 70. Rb8+ Kf7 {White must now prevent ...a3.} 71. Bd4 b5 72. Kf4 Bd5 {Hoping for ...a3.} 73. Ke5 Bc4 {aiming for ...a3.} 74. Bc5 (74. Ra8 $142) 74... Rd3 {Threatens to win with ...Rd5+.} 75. Rb7+ Kg6 {And now ...Rd5+ would win.} 76. Rb6+ Kh5 77. Ke4 Rd8 ({Much worse is} 77... a3 $6 78. Ra6 $11) 78. Bb4 Re8+ 79. Kd4 (79. Kf4 $17) 79... Kg4 80. Rf6 Rd8+ 81. Rd6 Rh8 82. Rf6 $2 (82. Rg6+ Kf3 83. Kc5) 82... Rh3 $19 83. Ra6 Kf3 84. Ra7 Ke2 85. Rd7 {[#]} (85. Bd6 $19) 85... Rd3+ 1/2-1/2

[Event "EIWCC 2017"]
[Site "Riga"]
[Date "2017.04.19"]
[Round "8"]
[White "Gara, Anita"]
[Black "Petrenko, Svetlana"]
[Result "1-0"]
[WhiteElo "2354"]
[BlackElo "2136"]
[Annotator "ChessBase"]
[PlyCount "89"]
[EventDate "2017.??.??"]
[EventType "swiss"]
[EventCountry "LAT"]
[SourceTitle "playchess.com"]
[Source "ChessBase"]
[SourceQuality "1"]
[TimeControl "40/5400+30:1800+30"]

1. e4 {[%emt 0:00:00]} c5 {[%emt 0:00:05]} 2. c3 {[%emt 0:00:00]} d6 {[%emt 0:01:07]} 3. d4 {[%emt 0:00:00]} Nd7 {[%emt 0:00:35]} 4. Nf3 {[%emt 0:00:22]} Qc7 {[%emt 0:01:04]} 5. Bd3 {[%emt 0:01:17]} h6 {[%emt 0:01:13]} 6. O-O {[%emt 0:01:47]} Ngf6 {[%emt 0:01:29]} 7. b4 {[%emt 0:00:58]} c4 {[%emt 0:07:11]} 8. Bc2 {[%emt 0:00:09]} e5 {[%emt 0:02:16]} 9. a4 {[%emt 0:03:25]} a6 {[%emt 0:04:18]} 10. Qe2 {[%emt 0:07:12]} Rb8 {[%emt 0:01:51]} 11. a5 {[%emt 0:04:09]} Be7 {[%emt 0:02:55]} 12. Re1 {[%emt 0:12:34]} O-O {[%emt 0:00:24]} 13. d5 {[%emt 0:01:49]} b5 {[%emt 0:04:54]} 14. axb6 {[%emt 0:07:25]} Nxb6 {[%emt 0:00:09]} 15. h3 {[%emt 0:00:54]} Nfd7 {[%emt 0:06:53]} 16. Ra5 {[%emt 0:08:01]} Bb7 {[%emt 0:18:40]} 17. g4 {[%emt 0:02:55]} g5 {[%emt 0:02:43]} 18. Nbd2 {[%emt 0:00:55]} Rfc8 {[%emt 0:01:59]} 19. Nf1 {[%emt 0:00:36]} Nf8 {[%emt 0:00:28]} 20. Ng3 {[%emt 0:02:11]} Ng6 {[%emt 0:00:07]} 21. Nf5 {[%emt 0:00:52]} Bf8 {[%emt 0:00:15]} 22. Kh2 {[%emt 0:06:10]} f6 {[%emt 0:00:44]} 23. Rg1 {[%emt 0:03:14]} Re8 {[%emt 0:04:50]} 24. Be3 {[%emt 0:02:33]} Rbc8 {[%emt 0:07:19]} 25. Nd2 {[%emt 0:00:16]} Nf4 {[%emt 0:05:53]} 26. Qf3 {[%emt 0:00:50]} Nd7 {[%emt 0:08:54]} 27. Rga1 {[%emt 0:02:53]} Ra8 {[%emt 0:06:30]} 28. Nf1 {[%emt 0:00:21]} Bg7 {[%emt 0:05:33]} 29. N1g3 {[%emt 0:00:35]} Nf8 {[%emt 0:00:13]} 30. Bxf4 {[%emt 0:12:23]} gxf4 {[%emt 0:00:02]} 31. Nh5 {[%emt 0:00:27]} Re7 {[%emt 0:01:14]} 32. Nxe7+ {[%emt 0:01:35]} Qxe7 {[%emt 0:00:02]} 33. b5 {[%emt 0:00:07]} Ra7 {[%emt 0:04:23]} 34. bxa6 {[%emt 0:00:21]} Bc8 {[%emt 0:00:03]} 35. Qe2 {[%emt 0:04:34]} Qc7 {[%emt 0:00:14]} 36. R5a4 {[%emt 0:00:10]} Nd7 {[%emt 0:01:08]} 37. Qxc4 {[%emt 0:02:52]} Nc5 {[%emt 0:00:10]} 38. Ra5 {[%emt 0:01:11]} Qb6 {[%emt 0:00:48]} 39. Rb5 {[%emt 0:02:35]} Qc7 {[%emt 0:00:33]} 40. Rxc5 {[%emt 0:00:00]} Qxc5 {[%emt 0:00:19]} 41. Qxc5 {[%emt 0:02:56]} dxc5 {[%emt 0:00:02]} 42. Nxg7 {[%emt 0:00:37]} Kxg7 {[%emt 0:00:04]} 43. Bd3 {[%emt 0:00:36]} h5 {[%emt 0:03:01]} 44. gxh5 {[%emt 0:03:08]} Kh6 {[%emt 0:00:29]} 45. Bb5 {[%emt 0:00:32]} 1-0

[Event "EIWCC 2017"]
[Site "Riga"]
[Date "2017.04.19"]
[Round "8"]
[White "Milliet, Sophie"]
[Black "Krumina, Linda"]
[Result "1-0"]
[WhiteElo "2352"]
[BlackElo "2090"]
[Annotator "ChessBase"]
[PlyCount "119"]
[EventDate "2017.??.??"]
[EventType "swiss"]
[EventCountry "LAT"]
[SourceTitle "playchess.com"]
[Source "ChessBase"]
[SourceQuality "1"]
[TimeControl "40/5400+30:1800+30"]

1. e4 {[%emt 0:00:00]} c6 {[%emt 0:00:09]} 2. d4 {[%emt 0:00:00]} d5 {[%emt 0:00:04]} 3. e5 {[%emt 0:00:00]} Bf5 {[%emt 0:00:10]} 4. Nf3 {[%emt 0:00:30]} e6 {[%emt 0:00:19]} 5. Be2 {[%emt 0:00:16]} h6 {[%emt 0:03:05]} 6. O-O {[%emt 0:01:00]} Nd7 {[%emt 0:03:20]} 7. Nbd2 {[%emt 0:01:16]} Ne7 {[%emt 0:01:11]} 8. Nb3 {[%emt 0:01:00]} Bh7 {[%emt 0:05:55]} 9. a4 {[%emt 0:08:31]} Qc7 {[%emt 0:01:56]} 10. a5 {[%emt 0:04:35]} a6 {[%emt 0:01:42]} 11. Bd2 {[%emt 0:03:07]} c5 {[%emt 0:07:52]} 12. c4 {[%emt 0:24:44]} cxd4 {[%emt 0:17:33]} 13. Nbxd4 {[%emt 0:05:27]} Nxe5 {[%emt 0:01:41]} 14. Nxe5 {[%emt 0:01:41]} Qxe5 {[%emt 0:00:29]} 15. Qa4+ {[%emt 0:00:57]} Kd8 {[%emt 0:00:48]} 16. Be3 {[%emt 0:03:58]} Nc8 {[%emt 0:13:48]} 17. cxd5 {[%emt 0:15:09]} Bd6 {[%emt 0:04:18]} 18. g3 {[%emt 0:01:33]} exd5 {[%emt 0:01:09]} 19. Rfd1 {[%emt 0:03:12]} Ke7 {[%emt 0:16:31]} 20. Qb3 {[%emt 0:03:15]} Rb8 {[%emt 0:00:46]} 21. f4 {[%emt 0:11:20]} Qf6 {[%emt 0:01:08]} 22. Qxd5 {[%emt 0:00:32]} Re8 {[%emt 0:02:15]} 23. Bf3 {[%emt 0:02:20]} Kf8 {[%emt 0:01:28]} 24. Bf2 {[%emt 0:00:08]} Ne7 {[%emt 0:03:39]} 25. Ne6+ {[%emt 0:01:37]} fxe6 {[%emt 0:00:38]} 26. Qxd6 {[%emt 0:00:08]} Kg8 {[%emt 0:01:13]} 27. Re1 {[%emt 0:02:01]} Bf5 {[%emt 0:02:26]} 28. Bd4 {[%emt 0:02:34]} Qg6 {[%emt 0:00:30]} 29. Bb6 {[%emt 0:00:20]} Bh3 {[%emt 0:03:33]} 30. Rac1 {[%emt 0:01:59]} Nf5 {[%emt 0:00:23]} 31. Qe5 {[%emt 0:00:39]} Kh8 {[%emt 0:03:05]} 32. Kf2 {[%emt 0:00:14]} h5 {[%emt 0:02:27]} 33. Bc7 {[%emt 0:01:24]} Ra8 {[%emt 0:00:35]} 34. Bxb7 {[%emt 0:00:33]} Ra7 {[%emt 0:00:34]} 35. Bf3 {[%emt 0:00:45]} Re7 {[%emt 0:00:42]} 36. Bb6 {[%emt 0:00:40]} Rad7 {[%emt 0:00:10]} 37. Re2 {[%emt 0:00:12]} Rd3 {[%emt 0:00:40]} 38. Rc3 {[%emt 0:00:38]} Rd1 {[%emt 0:00:24]} 39. Re1 {[%emt 0:00:20]} Rd2+ {[%emt 0:00:26]} 40. Re2 {[%emt 0:00:00]} Rd1 {[%emt 0:00:39]} 41. Bg2 {[%emt 0:12:16]} Bxg2 {[%emt 0:07:21]} 42. Kxg2 {[%emt 0:01:38]} h4 {[%emt 0:03:17]} 43. Re1 {[%emt 0:10:55]} Rd2+ {[%emt 0:00:52]} 44. Bf2 {[%emt 0:01:32]} Kh7 {[%emt 0:03:32]} 45. Qe4 {[%emt 0:02:17]} Rxb2 {[%emt 0:02:08]} 46. Re2 h3+ {[%emt 0:03:04]} 47. Kf1 {[%emt 0:04:17]} Rb1+ {[%emt 0:01:22]} 48. Be1 {[%emt 0:00:29]} Reb7 {[%emt 0:02:09]} 49. Qxe6 {[%emt 0:00:53]} Qxe6 {[%emt 0:01:11]} 50. Rxe6 {[%emt 0:00:02]} R7b2 {[%emt 0:00:24]} 51. Re2 {[%emt 0:00:55]} Rxe2 {[%emt 0:00:54]} 52. Kxe2 {[%emt 0:00:01]} Nd4+ {[%emt 0:00:32]} 53. Ke3 {[%emt 0:02:02]} Nf5+ {[%emt 0:00:06]} 54. Kd2 {[%emt 0:00:25]} Rb2+ {[%emt 0:00:44]} 55. Rc2 {[%emt 0:00:14]} Rxc2+ {[%emt 0:00:37]} 56. Kxc2 {[%emt 0:00:04]} Ne3+ {[%emt 0:00:46]} 57. Kd3 {[%emt 0:01:13]} Ng4 {[%emt 0:00:02]} 58. Kc4 {[%emt 0:00:35]} Nxh2 {[%emt 0:00:10]} 59. g4 {[%emt 0:00:18]} Nf1 {[%emt 0:00:16]} 60. Kd4 1-0

[Event "EIWCC 2017"]
[Site "Riga"]
[Date "2017.04.19"]
[Round "8"]
[White "Osmak, Iulija"]
[Black "Tsolakidou, Stavroula"]
[Result "1-0"]
[WhiteElo "2348"]
[BlackElo "2395"]
[Annotator "ChessBase"]
[PlyCount "148"]
[EventDate "2017.??.??"]
[EventType "swiss"]
[EventCountry "LAT"]
[SourceTitle "playchess.com"]
[Source "ChessBase"]
[SourceQuality "1"]
[TimeControl "40/5400+30:1800+30"]

1. Nf3 {[%emt 0:00:00]} d5 {[%emt 0:00:28]} 2. c4 {[%emt 0:00:11]} d4 {[%emt 0:02:59]} 3. d3 {[%emt 0:01:40]} Nc6 {[%emt 0:01:48]} 4. g3 {[%emt 0:00:21]} e5 {[%emt 0:02:22]} 5. Bg2 {[%emt 0:00:26]} Bb4+ {[%emt 0:23:55]} 6. Bd2 {[%emt 0:06:41]} a5 {[%emt 0:00:21]} 7. O-O {[%emt 0:00:19]} Nf6 {[%emt 0:00:27]} 8. a3 {[%emt 0:01:26]} Bc5 {[%emt 0:10:19]} 9. Bg5 {[%emt 0:02:32]} O-O {[%emt 0:10:55]} 10. Nbd2 {[%emt 0:00:34]} a4 {[%emt 0:12:44]} 11. Bxf6 {[%emt 0:27:19]} Qxf6 {[%emt 0:00:26]} 12. Ne4 {[%emt 0:00:17]} Qe7 {[%emt 0:00:05]} 13. Nfg5 {[%emt 0:07:41]} Ba7 {[%emt 0:12:09]} 14. f4 {[%emt 0:11:44]} f5 {[%emt 0:00:22]} 15. Nf2 {[%emt 0:00:58]} exf4 {[%emt 0:05:32]} 16. gxf4 {[%emt 0:00:23]} h6 {[%emt 0:00:13]} 17. Bd5+ {[%emt 0:00:35]} Kh8 {[%emt 0:00:02]} 18. Nf3 {[%emt 0:02:10]} Bc5 {[%emt 0:03:26]} 19. Kh1 {[%emt 0:02:47]} Qf6 {[%emt 0:03:24]} 20. Rg1 {[%emt 0:00:59]} Ne7 {[%emt 0:01:39]} 21. Ne5 {[%emt 0:02:01]} c6 {[%emt 0:00:12]} 22. Bf3 {[%emt 0:02:19]} Bd6 {[%emt 0:00:03]} 23. Qd2 {[%emt 0:02:56]} Bxe5 {[%emt 0:01:14]} 24. fxe5 {[%emt 0:00:07]} Qxe5 {[%emt 0:00:01]} 25. Rg2 {[%emt 0:01:11]} f4 {[%emt 0:07:05]} 26. Rag1 {[%emt 0:00:23]} Nf5 {[%emt 0:00:16]} 27. Be4 {[%emt 0:01:09]} Rg8 {[%emt 0:00:21]} 28. Ng4 {[%emt 0:00:33]} Qd6 {[%emt 0:00:05]} 29. Qe1 {[%emt 0:01:28]} Bd7 {[%emt 0:00:53]} 30. Qb4 {[%emt 0:02:39]} Qxb4 {[%emt 0:00:48]} 31. axb4 {[%emt 0:00:07]} Rae8 {[%emt 0:00:40]} 32. Rf2 {[%emt 0:00:16]} Nd6 {[%emt 0:00:33]} 33. Rxf4 {[%emt 0:00:52]} Nxe4 {[%emt 0:00:12]} 34. dxe4 {[%emt 0:00:12]} Rgf8 {[%emt 0:00:54]} 35. Rxf8+ {[%emt 0:00:51]} Rxf8 {[%emt 0:00:00]} 36. Ne5 {[%emt 0:00:17]} Be8 {[%emt 0:00:28]} 37. Rd1 {[%emt 0:00:19]} Bh5 {[%emt 0:00:50]} 38. Rxd4 {[%emt 0:00:16]} Rf2 {[%emt 0:00:40]} 39. Rd2 {[%emt 0:03:59]} Rf4 {[%emt 0:00:05]} 40. Rd4 {[%emt 0:00:00]} Kh7 {[%emt 0:00:49]} 41. Kg2 {[%emt 0:18:48]} Bxe2 {[%emt 0:00:51]} 42. c5 {[%emt 0:00:42]} Bb5 {[%emt 0:19:18]} 43. Nf3 {[%emt 0:01:16]} Be2 {[%emt 0:02:51]} 44. Ne5 {[%emt 0:03:21]} Ba6 {[%emt 0:02:11]} 45. Nf3 {[%emt 0:00:54]} g5 {[%emt 0:01:09]} 46. e5 {[%emt 0:15:09]} Rf8 {[%emt 0:05:39]} 47. Rd6 {[%emt 0:06:34]} Bc4 {[%emt 0:01:11]} 48. Nd4 {[%emt 0:02:28]} Bd5+ {[%emt 0:00:02]} 49. Kg1 {[%emt 0:01:51]} Rf4 {[%emt 0:00:12]} 50. Ne2 {[%emt 0:00:51]} Rxb4 {[%emt 0:00:41]} 51. Nc3 {[%emt 0:00:09]} Rxb2 {[%emt 0:00:33]} 52. Nxa4 {[%emt 0:00:14]} Rg2+ {[%emt 0:00:07]} 53. Kf1 {[%emt 0:00:11]} Rxh2 {[%emt 0:00:08]} 54. Nb6 {[%emt 0:01:42]} Rd2 {[%emt 0:01:11]} 55. e6 {[%emt 0:00:16]} Kg7 {[%emt 0:00:36]} 56. e7 {[%emt 0:00:38]} Kf7 {[%emt 0:00:50]} 57. Rxh6 {[%emt 0:01:00]} Kxe7 {[%emt 0:00:07]} 58. Rh7+ {[%emt 0:00:27]} Ke6 {[%emt 0:00:55]} 59. Rxb7 {[%emt 0:00:19]} Rc2 {[%emt 0:00:26]} 60. Nxd5 {[%emt 0:00:25]} cxd5 {[%emt 0:00:48]} 61. Rg7 {[%emt 0:00:42]} Kf5 {[%emt 0:00:25]} 62. Rc7 {[%emt 0:00:07]} Ke4 {[%emt 0:00:35]} 63. c6 {[%emt 0:00:37]} Kd3 {[%emt 0:00:39]} 64. Rg7 {[%emt 0:00:53]} Rc1+ {[%emt 0:00:25]} 65. Kf2 {[%emt 0:00:08]} Rxc6 {[%emt 0:00:11]} 66. Rxg5 {[%emt 0:00:07]} d4 {[%emt 0:00:06]} 67. Rd5 {[%emt 0:00:53]} Re6 {[%emt 0:00:33]} 68. Kf1 {[%emt 0:00:31]} Kc3 {[%emt 0:00:25]} 69. Ra5 {[%emt 0:01:02]} d3 {[%emt 0:00:08]} 70. Ra3+ {[%emt 0:00:11]} Kc2 {[%emt 0:00:06]} 71. Ra2+ {[%emt 0:00:22]} Kb3 {[%emt 0:00:24]} 72. Rh2 {[%emt 0:01:25]} Kc3 {[%emt 0:00:04]} 73. Ra2 {[%emt 0:00:36]} d2 {[%emt 0:00:07]} 74. Ra1 {[%emt 0:00:24]} Kb2 {[%emt 0:00:11]} 1-0

[Event "EIWCC 2017"]
[Site "Riga"]
[Date "2017.04.19"]
[Round "8"]
[White "Antova, Gabriela"]
[Black "Toma, Katarzyna"]
[Result "0-1"]
[WhiteElo "2335"]
[BlackElo "2229"]
[Annotator "NA"]
[PlyCount "54"]
[EventDate "2017.??.??"]
[EventType "swiss"]
[EventCountry "LAT"]
[SourceTitle "playchess.com"]
[Source "ChessBase"]
[SourceQuality "1"]
[TimeControl "40/5400+30:1800+30"]

{[%evp 8,54,14,17,39,34,44,39,24,32,36,16,27,32,18,-2,0,-2,36,-4,23,-9,11,-39,0,-56,0,-40,-29,-25,-22,-22,-23,0,0,-11,6,14,0,0,0,0,0,0,181,32767,162,-484,-504]} 1. d4 {[%emt 0:00:00]} Nf6 {[%emt 0:00:10]} 2. c4 {[%emt 0:00:00]} g6 {[%emt 0:00:14]} 3. Nf3 {[%emt 0:00:00]} Bg7 {[%emt 0:00:24]} 4. g3 {[%emt 0:00:16]} O-O {[%emt 0:00:26]} 5. Bg2 {[%emt 0:00:05]} d6 {[%emt 0:00:36]} 6. O-O {[%emt 0:01:03]} c6 {[%emt 0:01:10]} 7. Nc3 {[%emt 0:00:20]} Nbd7 {[%emt 0:00:49]} 8. e4 {[%emt 0:00:58]} e5 {[%emt 0:00:41]} 9. Rb1 {[%emt 0:09:52]} a5 {[%emt 0:06:33]} 10. b3 {[%emt 0:00:53] LiveBook: 8 Games E68: King's Indian: Fianchetto: 6...Nbd7 7 0-0 e5 8 e4} (10. h3 Re8 11. Be3 exd4 12. Nxd4 Nc5 13. Qc2 Qc7 14. Rfe1 Bd7 15. b3 Rad8 16. Rbd1 Bc8 17. f4 h6 18. Bf2 Nh5 19. Qd2 Nf6 20. Kh2 {0-1 (49) Goloshchapov,A (2586)-Sriram,J (2375) Dubai 2014}) 10... Re8 {[%emt 0:00:34]} 11. d5 $146 {[%emt 0:10:15]} ({Better is} 11. h3 $14 exd4 12. Nxd4 Nc5 13. Re1 Qb6 14. Be3 Qb4 15. Bd2 Qb6 16. Be3 Qb4 17. Bd2 Qb6 18. Be3 Qb4 19. Bd2 {½-½ (19) Kleissl,H (2290)-Weindl,A (2329) Austria 2013}) 11... cxd5 {[%emt 0:01:08]} 12. cxd5 {[%emt 0:00:12]} Nc5 {[%emt 0:00:12]} 13. Re1 {[%emt 0:02:27]} ({Much weaker is} 13. Bg5 b5 $15) 13... Bd7 {[%emt 0:05:40]} 14. a3 {[%emt 0:04:18]} Qc7 {[%emt 0:04:58]} 15. Bd2 {[%emt 0:08:35]} ({White must play} 15. a4 $1 $11) 15... Rec8 {[%emt 0:04:35]} 16. Qe2 {[%emt 0:06:33]} ({Better is} 16. a4 $11) 16... Qb6 {[%emt 0:09:45]} 17. b4 {[%emt 0:14:24]} axb4 {[%emt 0:00:27]} 18. axb4 {[%emt 0:00:05]} Na4 {[%emt 0:00:57]} 19. Nxa4 {[%emt 0:01:37]} Rxa4 {[%emt 0:02:28]} 20. Rec1 {[%emt 0:00:55]} Rca8 {[%emt 0:02:31]} 21. Be3 {[%emt 0:10:46]} Qb5 {[%emt 0:03:31]} 22. Qe1 {[%emt 0:02:41]} Qa6 {[%emt 0:18:22]} 23. Rc7 {[%emt 0:07:14]} Be8 {[%emt 0:03:11]} 24. Nd2 {[%emt 0:03:46]} Ng4 {[%emt 0:03:52]} 25. Nc4 {[%emt 0:02:48]} Bb5 $2 {[%emt 0:07:17]} (25... Nxe3 $11 {and Black stays safe.} 26. Nxe3 (26. Qxe3 Bf6 27. Qb6 Bb5 28. Qxd6 Bd8 29. Qxa6 Bxa6 $14) 26... Qb6) 26. Bf1 {[%emt 0:02:30]} Bf6 $2 {[%emt 0:08:27]} (26... Ra2 $11 {and Black stays safe.}) 27. Kg2 $19 {[%emt 0:01:44]} (27. Nb6 $18 {was the only winning move.} Nxe3 28. Nxa8 (28. Qxe3 Ra3 29. Qxa3 Qxa3 $11) 28... Nxf1 29. Rc8+ Kg7 30. Nc7 Nxh2 31. Kxh2) 27... Bd8 {[%emt 0:02:25]} 0-1

[Event "EIWCC 2017"]
[Site "Riga"]
[Date "2017.04.19"]
[Round "8"]
[White "Gara, Ticia"]
[Black "Gevorgyan, Maria"]
[Result "0-1"]
[WhiteElo "2325"]
[BlackElo "2227"]
[Annotator "NA"]
[PlyCount "74"]
[EventDate "2017.??.??"]
[EventType "swiss"]
[EventCountry "LAT"]
[SourceTitle "playchess.com"]
[Source "ChessBase"]
[SourceQuality "1"]
[TimeControl "40/5400+30:1800+30"]

{[%evp 8,61,18,32767,32767,32767,32767,22,26,-27,-20,0,0,0,10,-13,32767,20,37,8,20,7,55,51,68,58,75,91,104,21,74,6,6,35,9,-87,-33,-32,-46,-52,-37,-43,-9,-12,0,-669,-760,32767,-718,-750,-851,-1408,32767,32767,32767,-1766]} 1. c4 {[%emt 0:00:59]} Nf6 {[%emt 0:00:11]} 2. Nf3 {[%emt 0:00:19]} e6 {[%emt 0:00:06]} 3. g3 {[%emt 0:00:22]} d5 {[%emt 0:00:11]} 4. Bg2 {[%emt 0:00:12]} Be7 {[%emt 0:00:05]} 5. O-O {[%emt 0:01:03]} O-O {[%emt 0:00:07]} 6. d4 {[%emt 0:00:04]} dxc4 {[%emt 0:00:04]} 7. Ne5 {[%emt 0:00:52]} Nc6 {[%emt 0:00:06]} 8. Nxc6 {[%emt 0:01:05]} bxc6 {[%emt 0:00:05]} 9. Na3 {[%emt 0:00:14]} Bxa3 {[%emt 0:00:12]} 10. bxa3 {[%emt 0:00:04]} a5 {[%emt 0:01:40] LiveBook: 4 Games E05: Open Catalan: 5 Nf3 Be7} 11. a4 $146 {[%emt 0:05:57]} (11. Bxc6 Rb8 12. Qc2 Ba6 13. Rd1 Nd5 14. e4 Ne7 15. Ba4 f5 16. d5 exd5 17. exd5 Rf7 18. Be3 {1-0 (117) Kramnik,V (2777)-Bruzon Batista,L (2659) Baku 2015}) 11... Qe7 {[%emt 0:06:37]} 12. Qc2 {[%emt 0:07:04]} Ba6 {[%emt 0:03:28]} 13. Bd2 {[%emt 0:04:42]} Nd5 {[%emt 0:10:18]} 14. Bxa5 {[%emt 0:02:46]} Bc8 {[%emt 0:12:11]} 15. Bd2 {[%emt 0:03:24]} Qa3 {[%emt 0:01:49]} 16. e4 {[%emt 0:12:18]} Ne7 {[%emt 0:11:06]} 17. a5 {[%emt 0:01:56]} Ba6 {[%emt 0:02:23]} 18. Rfc1 {[%emt 0:06:08]} ({White should play} 18. Rfe1 $16) 18... Rad8 {[%emt 0:02:41]} 19. Rab1 {[%emt 0:10:39]} (19. Bf1 $16) 19... c5 {[%emt 0:03:24]} 20. dxc5 {[%emt 0:11:25]} Nc6 $1 {[%emt 0:00:10]} 21. Be3 {[%emt 0:04:41]} (21. Bc3 $11 {remains equal.}) 21... Nd4 {[%emt 0:11:14]} 22. Bxd4 $1 {[%emt 0:09:50]} Rxd4 {[%emt 0:00:08]} 23. Qb2 {[%emt 0:01:30]} Qxc5 {[%emt 0:00:42]} 24. Qb4 {[%emt 0:01:25]} Qa7 {[%emt 0:03:11]} 25. Rd1 {[%emt 0:00:28]} e5 {[%emt 0:03:28]} 26. Qe7 $2 {[%emt 0:00:50]} (26. Bf3 $11) 26... c3 {[%emt 0:00:58]} 27. Rbc1 {[%emt 0:06:01]} c2 {[%emt 0:03:19]} 28. Rxd4 {[%emt 0:03:57]} Qxd4 {[%emt 0:00:07]} 29. Bf3 {[%emt 0:00:16]} Qd2 {[%emt 0:02:11]} 30. Qa3 {[%emt 0:00:01]} Rb8 {[%emt 0:00:12]} 31. Kg2 $19 {[%emt 0:01:28]} Rb1 {[%emt 0:02:43]} 32. Qe7 {[%emt 0:01:07]} Qd6 {[%emt 0:00:15]} 33. Qg5 {[%emt 0:01:32]} h6 {[%emt 0:00:14]} 34. Qe3 {[%emt 0:00:11]} Qd3 {[%emt 0:00:41]} 35. Qe1 {[%emt 0:02:09]} Qf1+ {[%emt 0:00:32]} 36. Qxf1 {[%emt 0:00:04]} Bxf1+ {[%emt 0:00:04]} 37. Rxf1 {[%emt 0:00:10]} Rxf1 {[%emt 0:00:05]} 0-1

[Event "EIWCC 2017"]
[Site "Riga"]
[Date "2017.04.19"]
[Round "8"]
[White "Buksa, Nataliya"]
[Black "Cramling, Pia"]
[Result "1/2-1/2"]
[WhiteElo "2314"]
[BlackElo "2452"]
[Annotator "TA"]
[PlyCount "43"]
[EventDate "2017.??.??"]
[EventType "swiss"]
[EventCountry "LAT"]
[SourceTitle "playchess.com"]
[Source "ChessBase"]
[SourceQuality "1"]

{[%evp 19,43,29,56,0,18,0,36,1,3,0,0,0,0,-5,0,0,-5,-20,0,-6,0,0,0,-12,0,0]} 1. e4 c5 2. Nf3 b6 3. d4 cxd4 4. Nxd4 Bb7 5. f3 e6 6. c4 Nc6 7. Nc3 Qb8 8. Be3 Nf6 9. Be2 {A31: Symmetrical English: 2 Nf3 Nf6 3 d4} (9. Qd2 Be7 10. Rd1 O-O 11. Ndb5 d6 12. Be2 Rd8 13. O-O Ne5 14. Qc2 a6 15. Na3 Ned7 16. Kh1 Qc7 {½-½ (94) Sadzikowski,D (2494)-Kovalenko,I (2650) Zalakaros 2015}) 9... Bc5 10. Qd2 O-O {LiveBook: 3 Games} 11. O-O (11. O-O-O $14) 11... Rd8 12. Nc2 $146 (12. Rad1 Nxd4 13. Bxd4 d6 14. Kh1 Bxd4 15. Qxd4 Bc6 16. Rd2 a6 {0-1 (62) Bukal,V (2405)-Borgo,G (2340) Reggio Emilia 1992}) 12... d6 13. Kh1 Bxe3 {The position is equal.} 14. Qxe3 d5 15. exd5 exd5 {[#] And now ...d4 would win.} 16. cxd5 Nxd5 17. Nxd5 Rxd5 18. f4 Qe8 19. Bf3 Qxe3 20. Nxe3 Rd3 21. Nc4 Nd8 22. Ne5 1/2-1/2